Sports Quiz

Random Sports or Football Quiz

2011 NFL Draft Top 25 Prospects Quiz Stats

 Plays Quiz not verified by Sporcle

Support Sporcle.
Go Orange.
Score 0/25 Timer 05:00
0 Plays Today
Position Player % Correct
QB Cameron Newton
94.4%
WRA.J. Green
93.2%
DTNick Fairley
92%
WRJulio Jones
90.4%
CBPatrick Peterson
87.6%
QBBlaine Gabbert
84.7%
DEDa'Quan Bowers
77.9%
LBVon Miller
77.5%
RBMark Ingram
77.5%
QBRyan Mallet
73.9%
GMike Pouncey
69.5%
DTMarcell Dareus
64.3%
DERobert Quinn
63.5%
Position Player % Correct
CBPrince Amukamara
53.8%
OTNate Solder
53.8%
DEAdrian Clayborn
50.2%
DTCameron Heyward
47.4%
OTGabe Carimi
43.8%
OLBAkeem Ayers
43%
DTRyan Kerrigan
42.6%
DTCameron Jordan
41%
DTStephen Paea
35.7%
OTAnthony Castonzo
35.7%
DT Muhammad Wilkerson
34.5%
DTCorey Liuget
30.9%

You're not logged in!

Compare scores with friends on all Sporcle quizzes.
OR
Log In

From the Vault

Superhero Actor Sorting Gallery

by Gabrosin

At the rate we're going, eventually every actor will be a superhero.
Remove Ads.
Support Sporcle.
Get the best of Sporcle when you Go Orange. This ad-free experience offers more features, more stats, and more fun while also helping to support Sporcle. Thank you for becoming a member.

Show Comments

Extras

Top Quizzes Today


Score Distribution

Your Account Isn't Verified!

In order to create a playlist on Sporcle, you need to verify the email address you used during registration. Go to your Sporcle Settings to finish the process.

Report this User

Report this user for behavior that violates our Community Guidelines.

Details: